[Event "FIDE Disabilities Olym"]
[Site "Belgrade"]
[Date "2023.02.03"]
[Round "?"]
[White "Ilic, Slobodan S2222"]
[Black "Morariu, Ionel"]
[Result "1-0"]
[WhiteElo "2027"]
[BlackElo "1915"]
[PlyCount "77"]
[EventDate "2023.01.30"]
[EventType "team-swiss"]
[EventRounds "6"]
[EventCountry "SRB"]
[SourceTitle "CBM 212 Extra"]
[Source "ChessBase"]
[SourceDate "2023.03.31"]
[SourceVersion "1"]
[SourceVersionDate "2023.03.31"]
[SourceQuality "1"]
[WhiteTeam "Serbia"]
[BlackTeam "Romania"]
[WhiteTeamCountry "SRB"]
[BlackTeamCountry "ROU"]

1. Nf3 Nf6 2. g3 e6 3. Bg2 Be7 4. 0-0 0-0 5. c4 c5 6. Nc3 Nc6 7. d4 cxd4 8. Nxd4 a6 9. b3 Qa5 10. Bb2 Rd8 11. e3 Bb4 12. Rc1 Bf8 13. Qe2 Qc7 14. Rfd1 d6 15. Qd3 Bd7 16. Qb1 Rac8 17. Nd5 Qb8 18. Nxf6+ gxf6 19. Nxc6 Bxc6 20. Bxf6 Rd7 21. Bxc6 Rxc6 22. Qe4 Bg7 23. Qg4 Qf8 24. Rd2 h5 25. Qh4 Rc5 26. Rcd1 Bxf6 27. Qxf6 Rf5 28. Qc3 h4 29. Rd4 hxg3 30. Rg4+ Kh7 31. Rh4+ Kg6 32. hxg3 Rh5 33. Rxh5 Kxh5 34. Kg2 f6 35. Qd4 Kg6 36. Qe4+ Kf7 37. Rh1 f5 38. Rh7+ Kf6 39. Qh4+ 1-0

[Event "IBCA Wch blind"]
[Site "Seoul"]
[Date "2015.05.15"]
[Round "5"]
[White "Alimkhanov, Abdurashid"]
[Black "Morariu, Ionel"]
[Result "1-0"]
[WhiteElo "1835"]
[BlackElo "1875"]
[PlyCount "43"]
[EventDate "2015.05.11"]
[EventType "swiss"]
[EventRounds "7"]
[EventCountry "KOR"]
[SourceTitle "CBM 166 Extra"]
[Source "ChessBase"]
[SourceDate "2015.06.18"]
[SourceVersion "1"]
[SourceVersionDate "2015.06.18"]
[SourceQuality "1"]

1. Nf3 Nf6 2. c4 c6 3. d4 d5 4. Nbd2 g6 5. g3 Bg7 6. Bg2 0-0 7. 0-0 Re8 8. b3 Nbd7 9. Bb2 c5 10. e3 b6 11. Ne5 Bb7 12. Nxd7 Nxd7 13. cxd5 cxd4 14. e4 e5 15. f4 Ba6 16. Nc4 f6 17. Bh3 Nc5 18. fxe5 fxe5 19. Qf3 Rf8 20. Qg2 Qg5 21. Ba3 Qe3+ 22. Nxe3 1-0